000 00713nam a2200217 i 4500
001 115341
003 ES-MaACL
005 20250825062548.0
007 t|
008 070307s1928 sp ||||1| spa d
080 _a821.134.2-23"19"
100 1 _aSuárez de Deza, Enrique.
_9108601
245 1 4 _aLos marineros
_b: drama popular en tres actos /
_cEnrique Suárez de Deza.
260 _aMadrid :
_bPrensa Moderna,
_c1928.
300 _a47 p. ;
_c17 cm.
490 1 _aEl Teatro moderno ;
_v143
500 _aEstrenado en el Teatro Reina Victoria, de Madrid, el día 9 de mayo de 1928.
830 0 3 _aEl teatro moderno (Prensa Moderna)
_v143
_9182365
852 _aES-MaACL
_jC-13042
999 _c115341
_d115341